| 000 | | | 07608cmc2a2200000 x 450 |
| 001 | | | b8374bc0b52c47088ec5012b6f63b723 |
| 005 | | | 20170914151121.0 |
| 100 | ## | $a | 20130910l19121912k y0rusy0189 ca |
| 101 | 0# | $a | rus |
| 102 | ## | $a | RU |
| 225 | 0# | $a | Фонд Совет министров (1905-1917) |
| | $h | Опись № 8 |
| | $i | 1912 г. |
| 300 | ## | $a | Центральные учреждения (МВД); местное управление и самоуправление; национальная политика |
| 300 | ## | $a | Оригинальный заголовок дела: Об отмене постановления С.-Петербургской гор. думы 24 авг. 1911 г. об устройстве трамвая по Дворцовой площади, Миллионной и Гороховой улицам : 16 марта - 16 ноября 1912 г. |
| 300 | ## | $a | Печатный текст |
| 324 | ## | $a | Пленка |
| 801 | #0 | $a | RU |
| | $b | РГИА |
| | $c | 20130910 |
| 801 | #1 | $a | RU |
| | $b | ГлавНИВЦ |
| | $c | 20130910 |
| | $2 | rusmarc |
| 801 | #2 | $a | RU |
| | $b | ПБ им. Б.Н. Ельцина |
| | $c | 20130911 |
| | $g | RCR |
| | $2 | rusmarc |
| 850 | ## | $a | Федеральное казенное учреждение "Российский государственный исторический архив" (РГИА) |
| 852 | ## | $a | РГИА |
| | $j | 23 |
| 937 | ## | $a | ASBIBLIO_SCAN |
| | $b | РГИА_1276:_8:_23: |
| | $d | 1556722 |
| | $h | РГИА |
| 200 | 1# | $a | Об отмене постановления Петербургской городской думы о проведении трамвайной линии по Дворцовой площади, Миллионной и Гороховой улицам; о рассрочке гор. Алешкам Таврической губерении уплаты, числившихся за ним недоимок пособия казне на содержание полиции; о разрешении городу Саратову выпуска облигационного займа |
| | $j | 16 марта - 15 ноября 1912 г. |
| 215 | ## | $a | 15 листов |
| 035 | ## | $a | b8374bc0b52c47088ec5012b6f63b723 |
| 122 | 2# | $a | d19120316## |
| | $a | d19121116## |
| 251 | ## | $c | Дело |
| 461 | #0 | $1 | 001c7912e80-a322-4844-9992-beca65726c82 |
| | $1 | 2001 |
| | $a | Совет министров (1905-1917) |
| | $1 | 251 |
| | $c | Фонд |
| | $1 | 852 |
| | $j | 1276 |
| 462 | #0 | $1 | 001928fd201-7dbf-4fc8-ba32-5df25f3804fe |
| | $1 | 2001 |
| | $a | 1912 г. |
| | $v | Д. 23 |
| | $1 | 251 |
| | $c | Опись |
| | $1 | 852 |
| | $j | 8 |
| 517 | 1# | $a | Об отмене постановления С.-Петербургской гор. думы 24 авг. 1911 г. об устройстве трамвая по Дворцовой площади, Миллионной и Гороховой улицам |
| | $e | 16 марта - 16 ноября 1912 г. |
| 605 | ## | $2 | acquisition_Prlib |
| | $3 | DITM\AF\0000003834 |
| | $a | Народ |
| | $l | коллекция |
| 605 | ## | $a | Территория |
| | $l | коллекция |
| | $2 | acquisition_Prlib |
| | $3 | DITM\AF\0000004675 |
| 605 | ## | $a | Петербургский трамвай |
| | $l | коллекция |
| | $2 | acquisition_Prlib |
| | $3 | LIBNET\UAF\0000068331 |
| 605 | ## | $a | Территория России: Санкт-Петербург, город |
| | $l | коллекция |
| | $2 | acquisition_Prlib |
| | $3 | LIBNET\UAF\0000039016 |
| 605 | ## | $a | Территория России: Саратовская область |
| | $l | коллекция |
| | $2 | acquisition_Prlib |
| | $3 | LIBNET\UAF\0000061251 |
| 617 | ## | $2 | prlib_sh |
| | $d | Санкт-Петербург, город |
| 617 | ## | $d | Саратов, город |
| | $2 | prlib_sh |
| 617 | ## | $2 | prlib_sh |
| | $a | Украина |
| 617 | ## | $2 | prlib_sh |
| | $c | Таврическая губерения |
| 606 | 1# | $2 | prlib_sh |
| | $3 | LIBNET\UAF\0000068334 |
| | $a | Трамваи |
| | $j | Документы и материалы |
| | $x | История |
| | $y | Санкт-Петербург, город |
| | $z | нач. 20 в. |
| 607 | ## | $2 | nlr_sh |
| | $3 | RU\NLR\AUTH\661511701 |
| | $a | Саратов, город |
| | $j | Документы и материалы |
| | $x | История |
| | $z | 20 в. |
| 607 | ## | $a | Алешки, город (Украина) |
| | $j | Документы и материалы |
| | $x | История |
| | $2 | prlib_sh |
| | $3 | LIBNET\UAF\0000068335 |
| 686 | ## | $2 | rubbk |
| | $a | 63.3(2)53ю1 |
| | $v | LBC/M |
| 686 | ## | $a | 39.82ю1 |
| | $v | LBC/M |
| | $2 | rubbk |
| 686 | ## | $a | 63.3(2-2СПб)53ю1 |
| | $v | LBC/M |
| | $2 | rubbk |